| 000 | 00925cam a2200289 i 4500 | ||
|---|---|---|---|
| 003 | DO-SdBNP | ||
| 005 | 20240624152215.0 | ||
| 007 | ta | ||
| 008 | 240620s2001 sp 000 0 spa d | ||
| 020 | _a8484037193 | ||
| 040 |
_aDO-SdBNP _bspa _cBNPHU _erda |
||
| 082 |
_a823.8 _bS847is, 2001 _222 |
||
| 100 | 1 |
_aStevenson, Robert Louis, _b1850-1894 _91070 _eautor |
|
| 245 | 1 | 3 |
_aLa isla del tesoro / _cRobert Louis Stevenson. |
| 264 | 1 |
_aMadrid, España : _bEstudio Didáctico, _c2001. |
|
| 300 |
_a191 p.áginas ; _c20 cm. |
||
| 336 |
_2rdacontent _atexto _btxt |
||
| 337 |
_2rdamedia _asin mediación _bn |
||
| 338 |
_2rdacarrier _avolumen _bnc |
||
| 490 | _aSelección Aventura | ||
| 500 | _aIncluye datos biográficos del autor en la solapa de la contracubierta | ||
| 590 | _aInventariado, 2024/ YL | ||
| 650 | 4 |
_aNovela inglesa _91071 |
|
| 650 | 4 |
_aLiteratura inglesa _9498 |
|
| 910 | _aYLockward | ||
| 942 |
_2ddc _cLBS1 |
||
| 999 |
_c56914 _d56914 |
||